MANAGER,S OFFICIAL GUIDE TO TEAM WORKING (Record no. 4761)
[ view plain ]
| 000 -LEADER | |
|---|---|
| fixed length control field | 00464nam a22001577a 4500 |
| 005 - DATE AND TIME OF LATEST TRANSACTION | |
| control field | 20250313133717.0 |
| 008 - FIXED-LENGTH DATA ELEMENTS--GENERAL INFORMATION | |
| fixed length control field | 250313b |||||||| |||| 00| 0 eng d |
| 020 ## - INTERNATIONAL STANDARD BOOK NUMBER | |
| International Standard Book Number | 9780883904084 |
| 050 ## - LIBRARY OF CONGRESS CALL NUMBER | |
| Classification number | HD 66 |
| Item number | SPI |
| 100 ## - MAIN ENTRY--PERSONAL NAME | |
| Personal name | SPIEGEL, JERRY |
| 245 ## - TITLE STATEMENT | |
| Title | MANAGER,S OFFICIAL GUIDE TO TEAM WORKING |
| Statement of responsibility, etc. | JERRY SPIEGEL, CRESENCIO TORRES |
| 260 ## - PUBLICATION, DISTRIBUTION, ETC. | |
| Place of publication, distribution, etc. | JOHANNESBURG |
| Name of publisher, distributor, etc. | PFEIFFER & COMPANY |
| Date of publication, distribution, etc. | c1994 |
| 300 ## - PHYSICAL DESCRIPTION | |
| Extent | xiii, 159p.; |
| Other physical details | ill |
| 700 ## - ADDED ENTRY--PERSONAL NAME | |
| Personal name | CRESENCIO TORRES |
| 942 ## - ADDED ENTRY ELEMENTS (KOHA) | |
| Source of classification or shelving scheme | Library of Congress Classification |
| Koha item type | Books |
| Suppress in OPAC | No |
| 999 ## - | |
| -- | 4761 |
| -- | 4761 |
No items available.